banner-ar

السينما العربية خارج الحدود / (Record no. 52328)

MARC details
000 -الفاتح
حقل البيانات ثابتة الطول 00649nam a2200205Ia 4500
008 - عناصر البيانات ثابتة الطول - معلومات عامة
حقل البيانات ثابتة الطول 140319s9999 xx 000 0 ara d
040 ## - مصدر الفهرسة
وكالة الفهرسة الأصلية GCL /
وكالة النسخ GCL
082 04 - رقم تصنيف ديوى العشرى
رقم التصنيف 791.347
رقم المادة ص س
100 1# - المدخل الرئيسى - إسم شخصى
الإسم الشخصى مدكور ثابت
245 10 - بيان العنوان
العنوان السينما العربية خارج الحدود /
بيان المسئوليه,etc مدكور ثابت
700 1# - المدخل الاضافى - اسم شخصى
الإسم الشخصى صلاح هاشم
700 1# - المدخل الاضافى - اسم شخصى
الإسم الشخصى وزارة الثقافة المركز القومى
300 ## - الوصف المادى
التعداد 433 ص
490 ## - بيان السلسلة
عنوان السلسلة ملفات السينما
رقم المجلد/ التعيين التسلسلي 0
650 04 - المدخل الاضافى بالموضوع-مصطلح موضوعى
مصطلح موضوعي الممثلون والممثلات
650 04 - المدخل الاضافى بالموضوع-مصطلح موضوعى
مصطلح موضوعي السينما العربية
650 04 - المدخل الاضافى بالموضوع-مصطلح موضوعى
مصطلح موضوعي الافلام العربية
942 ## - عناصر المدخل الإضافي( كوها)
مصدر التصنيف او مخطط الترفيف Dewey Decimal Classification
Koha [default] item type كتاب
Holdings
حالة التراجع حالة الفقد حالة تلف ليس للاعارة المكان المؤقت الموقع الحالى تاريخ الاكتساب اجمالي اﻻعارات رقم الطلب الباركود تاريخ اخر مشاهدة تاريخ تفعيل السعر نوع وعاء كوها
        مكتبة القاهرة الكبرى مكتبة القاهرة الكبرى 03/26/2014   791.347\ص س 125220 03/26/2014 03/26/2014 كتاب
        مكتبة القاهرة الكبرى مكتبة القاهرة الكبرى 03/26/2014   791.347\ص س 125221 03/26/2014 03/26/2014 كتاب
        مكتبة القاهرة الكبرى مكتبة القاهرة الكبرى 03/26/2014   791.347\ص س 125222 03/26/2014 03/26/2014 كتاب
        مكتبة القاهرة الكبرى مكتبة القاهرة الكبرى 03/26/2014   791.347\ص س 125223 03/26/2014 03/26/2014 كتاب

Powered By

EGPV